|
|
|
|
| LEADER |
00000nab a2200000 a 4500 |
| 001 |
vtls000488021 |
| 003 |
SK-MaSNL |
| 005 |
20260305043708.0 |
| 008 |
160201c1993 xo 0 slo |
| 015 |
|
|
|a SNBRB19rr/mm-uuuuu
|
| 035 |
|
|
|a CL0488158
|
| 040 |
|
|
|a SNKBUCL
|b slo
|c SNKBUCL
|e AACR2
|
| 041 |
0 |
|
|a slo
|
| 044 |
|
|
|a xo
|c SK
|
| 080 |
|
|
|a 327(437.1/.2:430)
|2 1981
|
| 080 |
|
|
|a 327(430:437.1/.2)
|2 1981
|
| 080 |
|
|
|a 323.1(437.1/.2)
|2 1981
|
| 100 |
1 |
|
|a Eis, Zdeněk,
|d 1930-
|4 aut
|9 208070
|
| 245 |
1 |
0 |
|a Porozumenie a neporozumenie
|b Vzťahy Čechov a Nemcov
|c Zdeněk Eis
|
| 300 |
|
|
|b Fotogr. 1
|
| 650 |
0 |
7 |
|a Česi
|2 snkbucl
|9 24818
|
| 650 |
0 |
7 |
|a Nemci
|2 snkbucl
|9 22551
|
| 655 |
|
7 |
|a články z novín a časopisov
|2 snkbucl
|9 267496
|
| 773 |
0 |
|
|t Literárny týždenník
|g Roč. 6, č. 15 (1993), s. 12
|
| 850 |
|
|
|a Slovenská národná knižnica v Martine
|a MTA001
|
| 852 |
|
|
|a SNK
|b KIS3GCP
|
| 958 |
|
|
|a RK
|
| 958 |
|
|
|a CZ
|
| 958 |
|
|
|a DE
|
| 999 |
|
|
|c 3354713
|d 3356643
|